=LDR 00000nam 2200000 4500 =001 INLIS000000000031133 =005 20130612133226 =008 ***********************************Ind** =035 ##$$a0010-061300000031133 =041 ##$$a Ind =082 ##$$a F.Rom.K =090 ##$$a F.Rom.K, Her f =100 ##$$a Herman, Gail =245 ##$$a Fira dan bulan purnama, Fira and the full moon, Gail Herman; alih bahasa Vina Damajanti =260 ##$$a 2008 $b Jakarta =300 ##$$a 112 hlm, ilus, 20 cm =650 ##$$a Fiksi Kanak-kanak =700 ##$$a Damajanti, Vina =850 ##$$a NBPNMAT =990 ##$$a 21400613/BPAP-NTB/20142014 =990 ##$$a 21400613/BPAP-NTB/20142014 =990 ##$$a 21400613/BPAP-NTB/20142014